| 000 | 00548nam a2200241Ia 4500 | ||
|---|---|---|---|
| 005 | 20260320200921.0 | ||
| 008 | 008 262003s9999 xx 000 0 eng d | ||
| 037 | _aEBOOK | ||
| 040 | _aCRL | ||
| 040 | _beng | ||
| 040 | _cCRL | ||
| 041 | _2eng | ||
| 041 | _aeng | ||
| 084 | _qCRL | ||
| 100 | _aBergin | ||
| 245 | 0 | _aMIMO Radar: Theory and Application | |
| 260 | _bIEEE | ||
| 260 | _c2018 | ||
| 856 | _uhttps://ieeexplore.ieee.org/servlet/opac?bknumber=9100000 | ||
| 942 | _cEBOOK | ||
| 999 |
_c1717674 _d1717674 |
||